| 000 | 00560cam a22002171 4500 | ||
|---|---|---|---|
| 001 | ne 64002022 | ||
| 003 | DLC | ||
| 005 | 20260227111803.0 | ||
| 008 | 890515q19001964xx ac 000 0 ara | ||
| 010 | _ane 64002022 | ||
| 035 | _a(OCoLC)23505496 | ||
| 040 |
_aDLC _cMiU _dDLC |
||
| 042 | _apremarc | ||
| 050 | 0 | 0 |
_aBR123 _b.L84 |
| 100 | 0 |
_aLūkās, _cBp. of Manfalūt and Abnūb, _d1900- |
|
| 245 | 1 | 3 | _aal-Tuḥfah al-Lūkāsīyah. |
| 260 | _c19 | ||
| 300 |
_av. _billus., port. _c21 cm. |
||
| 500 | _aRomanized. | ||
| 650 | 0 |
_aChristianity _y20th century. |
|
| 999 |
_c47296 _d47296 |
||